Countries with >100 Olympic gold medals - Sudden Death - Statistics

General Stats
  • This quiz has been taken 139 times
  • The average score is 4 of 11
Answers on the Grid
Answers color-coded by a green-red scale on the quiz's grid according to % correct below.
Australia
Austria
Brazil
Cuba
Czechoslovakia
Finland
Greece
Hungary
Japan
Netherlands
Norway
Romania
Russia
South Africa
South Korea
Soviet Union
Spain
Sweden
Switzerland
Turkey
 
Answer Stats
Answer % Correct
Soviet Union
81%
Russia
71%
Australia
54%
Japan
54%
Norway
39%
Netherlands
34%
South Korea
28%
Sweden
25%
Finland
16%
Hungary
13%
Switzerland
12%
No matching quizzes found
Score Distribution
Percent of People with Each Score
Percentile by Number Answered
Your Score History
You have not taken this quiz